LEADER 02633nam0 2200457 i 450 001 BVEE018312 005 20170908093207.0 012 $auma- ***. **** **** (3) 1552 (R)$2fei$9Caratteri greci 100 $a20120131d1552 ||||0itac50 ba 101 | $agrc 102 $ait 181 1$6z01$ai $bxxxe 182 1$6z01$an 200 1 $a˜Ailianou œPeri stratēgikōn taxeōn hellēnikōn. Aeliani De militaribus ordinibus instituendis more graecorum liber à Francisco Robortello Vtinensi nunc primum Graece editus multisque imaginibus, & picturis ab eodem illustratus 210 $aVenetiis$d1552$eImpressum Venetiis$gapud Andream, & Iacobum Spinellos$h1552 215 $a[8], 77, [3] p.$cill.$d4º 300 $aAdams A216 300 $aMarca degli Spinelli (U104) a c.I6r 300 $aCors. ; gr. ; rom 300 $aSegn.: [ast]⁴ A-H⁴ Θ-Ι⁶ 300 $aCornice architettonica a bordo titolo. 316 $a1 esemplare. - Timbro ovale BUS suul v. del front. e in fine.$5IT-NA0070, Z.C. 0141 316 $a1 v.$5IT-NA0075, A 26 0010 620 $dVenezia$3SBLL003553 700 0$aAelianus : Tacticus$3BVEV033180$4070$0187854 702 1$aRobortello$b, Francesco$f <1516-1567>$3MILV106037 712 02$aSpinelli, Andrea & Spinelli, Giacomo$3BVEV025053$4650 790 1$aCharisius$b, Constantius$3BVEV056297$zRobortello, Francesco <1516-1567> 790 1$aRobertello$b, Francesco$3BVEV068129$zRobortello, Francesco <1516-1567> 790 1$aRobortello Sabellico$b, Francesco Marco Antonio$3SBNV030538$zRobortello, Francesco <1516-1567> 790 1$aRobortelli$b, Francesco$f $3VEAV057648$zRobortello, Francesco <1516-1567> 791 02$aSpinelli, Giacomo & Spinelli, Andrea$3BVEV025066$zSpinelli, Andrea & Spinelli, Giacomo 801 3$aIT$bIT-NA0079$c20120131 850 $aIT-NA0070$aIT-NA0075 912 $aBVEE018312 921 $aSBNM000000$bMarca non censita$cS1$dA c. I6r. 950 0$aBiblioteca Universitaria$d BUZ.C. 0141$e BUSI 0000248495 B 1 esemplare. - Timbro ovale BUS suul v. del front. e in fine.$fZ $h20120711$i20120711 950 0$aBiblioteca statale oratoriana dei Girolamini$c1 v.$d GEA 26 0010$e GE 0000006785 H 1 v.$fN $h20120131$i20120131 977 $a BU$a GE 996 $aPeri stratēgikōn taxeōn hellēnikōn. Aeliani De militaribus ordinibus instituendis more graecorum liber à Francisco Robortello Vtinensi nunc primum Graece editus multisque imaginibus, & picturis ab eodem illustratus$91480148 997 $aUNISANNIO LEADER 01312nam 2200349Ia 450 001 996389256603316 005 20200824132648.0 035 $a(CKB)4940000000095657 035 $a(EEBO)2264209754 035 $a(OCoLC)ocm8163934e 035 $a(OCoLC)8163934 035 $a(EXLCZ)994940000000095657 100 $a19820217d1675 uy | 101 0 $aeng 135 $aurbn||||a|bb| 200 14$aThe peaceable design$b[electronic resource] $ebeing a modest account of the non-conformist's meetings : with some of their reasons for nonconformity, and the way of accomodation in the matter of religion, humbly proposed to publick consideration by some ministers of London against the sitting of Parliament in the year 1675 210 $a[S.l. $cs.n.]$dPrinted in the year 1675 215 $a[8], 82 p 300 $aErrata: p. [8] (1st grouping) 300 $aAttributed to John Humfrey--Cf. Halkett and Laing. 300 $aReproduction of original in the Bodleian Library. 330 $aeebo-0014 606 $aDissenters, Religious$zEngland 615 0$aDissenters, Religious 700 $aHumfrey$b John$f1621-1719.$01001745 801 0$bEEU 801 1$bEEU 801 2$bWaOLN 906 $aBOOK 912 $a996389256603316 996 $aThe peaceable design$92344582 997 $aUNISA